| 000 | 00551nam a22001937a 4500 | ||
|---|---|---|---|
| 005 | 20260417152839.0 | ||
| 010 | _aENG-148333 | ||
| 020 |
_a9789354439025 _c495.00 |
||
| 035 | _aEN-131865 | ||
| 037 | _bDBAD | ||
| 082 |
_a515 _21 |
||
| 100 | _aAbhay Kumar | ||
| 245 |
_aFoundations Of Functional Analysis/ _cAbhay Kumar |
||
| 250 | _a1 | ||
| 260 |
_aDelhi _bPHI Learning _c2025 |
||
| 270 |
_aRimjhim House, 111, Patparganj Industrial Estate, _bDelhi _e110092 |
||
| 300 |
_a212p.: _c24cm(pb) _bIndex |
||
| 942 |
_2ddc _cEN _h515 _mABH |
||
| 999 |
_c215951 _d215951 |
||